Textbook of environmental hygiene for nursing students (Record no. 393662)

MARC details
000 -LEADER
fixed length control field 00527 a2200193 4500
005 - DATE & TIME
control field 20251218112839.0
008 - FIXED-LENGTH DATA ELEMENTS--GENERAL INFORMATION
fixed length control field 251218b |||||||| |||| 00| 0 eng d
020 ## - ISBN
International Standard Book Number 9789390619924
Price Rs. 295.00
040 ## - CATALOGING SOURCE
Original cataloging agency VIVEKANANDA LIBRARY
082 ## - DDC NUMBER
Classification number 613.1
Book Number G41T(2)
100 ## - MAIN ENTRY--PERSONAL NAME
Personal name Gill, K K
245 ## - TITLE STATEMENT
Title Textbook of environmental hygiene for nursing students
250 ## - EDITION STATEMENT
Edition statement 2nd
260 ## - PUBLICATION, DISTRIBUTION, ETC. (IMPRINT)
Name of publisher, distributor, etc CBS Publishers and Distributors
Date of publication, distribution, etc 2025
Place of publication, distribution, etc New Delhi
300 ## - PHYSICAL DESCRIPTION
Pages xix, 158
650 ## - Subject
Subject Environmental Hygiene
650 ## - Subject
Subject Public Health
942 ## - ADDED ENTRY ELEMENTS (KOHA)
Koha item type Books
Holdings
Withdrawn status Lost status Source of classification or shelving scheme Damaged status Not for loan Location (home branch) Sublocation or collection (holding branch) Shelving location Date acquired Koha issues (times borrowed) Koha full call number Accession No. Koha date last seen Koha item type
    Dewey Decimal Classification     VIVEKANANDA LIBRARY VIVEKANANDA LIBRARY Vivekananda Library 04/12/2025   613.1 G41T(2) 443526 04/12/2025 Books
    Dewey Decimal Classification     VIVEKANANDA LIBRARY VIVEKANANDA LIBRARY Vivekananda Library 04/12/2025   613.1 G41T(2) 443525 04/12/2025 Books
© Designed and Maintained by Vivekananda Library, MDU Rohtak